| 000 | 00528nam a22001817a 4500 | ||
|---|---|---|---|
| 005 | 20251108164038.0 | ||
| 008 | 250721s1993 xx 000 0 ara d | ||
| 082 | 1 | 4 | _a347.309565/قرا |
| 100 | 1 | _aالقراله، غالب محمد | |
| 245 | 1 | 0 | _aشرح قانون الإستملاك الأردني المقارن / |
| 264 | 1 |
_aعمان : _bالمؤلف، _c1993. |
|
| 300 | _a267ص. | ||
| 650 | 1 | 7 | _aالملكية |
| 650 | 1 | 7 | _aالقانون المدني |
| 650 | 1 | 7 | _aالأردن |
| 942 |
_2ddc _cBK |
||
| 999 |
_c2247 _d2247 |
||